01046 2200349 4500001002100000005001500021035002000036007000300056040001700059245010600076250001100182300003700193020002200230041000800252082000800260084001400268090001600282264003400298336002100332337003000353338002300383650001400406700004600420700004800466700005000514850001000564008004100574500002400615504002500639990001600664990001600680INLIS00000000000965920260415090841 a0010-1222000264ta aSBPUPADbInd aDiagnosis Fisis Pada Anak /cpenyunting,Corry S. Matondang, Iskandar Wahidiyat, Sudigdo Sastroasmoro aCet. 5 aiii, 217 hlm. :billus. ;c28 cm a978-602-271-002-80 aInd a610 a610 ABD d a746 DIA s.2 aJakarta :bSagung Seto,c2013 2rdacontentaTeks 2rdamediaatanpa perantara 2rdacarrieravolume 4akesehatan apenyunting, Corry S. MatondangePengarang apenyunting, 2 Iskandar WahidiyatePengarang apenyunting, 3 Sudigdo SastroasmoroePengarang aPUPAD260415 0  aindeks, 219-231 hlm abibliografi, 218 hlm a1073/B/2013 a1072/B/2013